Cronica /
Gorde:
| Beste egile batzuk: | , |
|---|---|
| Formatua: | Liburua |
| Hizkuntza: | italiera |
| Argitaratua: |
Milano :
Adelphi,
\1981!
|
| Saila: | Piccola biblioteca Adelphi ;
125 |
| Etiketak: |
Etiketarik gabe, Izan zaitez lehena erregistro honi etiketa jartzen!
|
MARC
| LEADER | 00000nam a22000007i 4500 | ||
|---|---|---|---|
| 001 | IT\ICCU\FER\0108494 | ||
| 003 | ItRI | ||
| 005 | 20251110171516.0 | ||
| 008 | 940408s1981 it |||||| ||||| |||||c | ||
| 040 | |b ita |c Arcigay Viterbo | ||
| 041 | 7 | |a ita |2 ISO-639-2 | |
| 245 | 0 | 0 | |a Cronica / |c Anonimo romano ; a cura di Giuseppe Porta. |
| 260 | |a Milano : |b Adelphi, |c \1981! | ||
| 300 | |a XVII, 339 p. ; |c 18 cm | ||
| 700 | 1 | |a Porta, Giuseppe, |d (1939- ) |0 IT\ICCU\CFIV\082518 | |
| 700 | 0 | |a Anonimo romano, |d (sec. 14.) |0 IT\ICCU\RAVV\074312 | |
| 830 | 0 | |a Piccola biblioteca Adelphi ; |v 125 |0 IT\ICCU\CFI\0003745 | |
| 942 | |2 ddc |c BK |n 0 | ||
| 952 | |0 0 |1 0 |2 ddc |4 0 |6 ADE_ANO_CRO |7 0 |9 9869 |a VT |b VT |d 2025-11-10 |e Donazione Biblioteca Consorziale di Viterbo |i B478 |l 0 |o ADE ANO CRO |p B478 |r 2025-11-10 17:15:46 |w 2025-11-10 |y BK |z Donazione Biblioteca Consorziale di Viterbo | ||
| 981 | 1 | |6 z01 |a i |b xxxe | |
| 982 | 1 | |6 z01 |a n | |
| 999 | |c 8230 |d 8230 | ||